Estado de sitio. (Registro nro. 3291)

Detalles MARC
000 -LEADER
fixed length control field 01791nam a2200205 a 4500
008 - CAMPO DE CONTROL (LIBRO)
fixed length control field 161215t2000 ag |||g |||| 001 f spa d
020 ## - INTERNATIONAL STANDARD BOOK NUMBER
ISBN 9789500717700
041 ## - CODIGO DE IDIOMA
Código de idioma del texto/pista de sonido o título separado spa
092 ## - SIGNATURA TOPOGRAFICA DEWEY LOCAL
número de clasificación 808
libristica 12
sección CLA
100 1# - ENTRADA PRINCIPAL--NOMBRE PERSONAL
Nombre personal Clancy, Tom.
9 (RLIN) 4339
245 ## - TITULO PROPIAMENTE DICHO
Título Estado de sitio.
Subtítulo y Título paralelo (Op-Center VI) /
Mención de responsabilidad y remanente de la transcripción de la portada Tom Clancy
250 ## - MENCION DE EDICION
Mención de edición 1a ed.
Mención de responsabilidad relacionada con la ed. Traducción Laura Wittner
260 ## - PIE DE IMPRENTA
Lugar de publicación, distribución, etc Buenos Aires:
Nombre de la editorial, distribuidor, etc Sudamericana;
Fecha de publicación 2000.
300 ## - DESCRIPCION FISICA
Extension 261 p.
500 ## - NOTA GENERAL
Nota general Clancy, T. (2000). Estado de sitio. (1a ed.). Buenos Aires : Sudamericana.
505 ## - NOTA DE CONTENIDO
Nota de contenido formateada Tentados por la ambición, un grupo de terroristas vinculados a ex miembros de las fuerzas de paz de la ONU se involucran en actividades delictivas. Provistos de armas y municiones robadas a la propia ONU pergeñan un plan espeluznante para captar la atención del director de Op-Center, se prepara para disfrutar -tras una larga y ajetreada vida profesional- de su merecida jubilación. Pero su retiro será breve. El grupo terrorista toma por asalto la sede la ONU cuando los embajadores de diez países diferentes se hallan reunidos allí para disfrutar de una función de gala, y piden cien millones de dólares de rescate. Sin ningún duda, la situación es grave. Pero es más grave aún para Paul Hood, cuya hija violinista se aprestaba a tocar en esa misma función. El problema se transforma en un asunto personal: las fuerzas de Op-Center deberán ser tan implacables como siempre pero, a la vez, más cautelosos que nunca. Estado de sitio confirma que la saga de Op-Center- el centro de operaciones norteamericano que reúne lo mejor en materia de defensa, inteligencia y manejo de situaciones críticas- logra hacer vibrar a sus lectores un poco más con cada entrega.
655 ## - MATERIA - GENERO/FORMA
Género/Forma Novela
-- 3091
700 1# - ENTRADAS SECUNDARIAS - NOMBRE PERSONAL
Nombre personal Pieczenik, Steve.
9 (RLIN) 4340
942 ## - ADDED ENTRY ELEMENTS (KOHA)
Source of classification or shelving scheme Dewey Decimal Classification
Item type LITERATURA
Existencias
Estado de retiro Existencia Fuente de clasificación Estado general No para prestamo Ubicación permanente ubicación actual Sala de ubicación Fecha de adquisición Fuente de adquisición Total Checkouts Número de clasificación Código de barras Date last seen Número de ejemplar Price effective from Koha tipo de elemento (item) Public note Coded location qualifier
    Dewey Decimal Classification     Biblioteca Medicina Biblioteca Medicina Circulación 25/07/2025 Donación Navarro, Adriana. Julio 2025   808 12 CLA 5066 25/07/2025 Ej. 1 25/07/2025 LITERATURA Donación Navarro, Adriana. Julio 2025. Sede Tordos.  

UNIVERSIDAD NACIONAL DEL COMAHUE
Biblioteca de la Facultad de Ciencias Médicas
Sede Toschi: Los Arrayanes y Av. Toschi, Cipolletti  - Rio Negro
Sede Los Tordos:  Yrigoyen al 2211, Cipolletti - Rio Negro 

Teléfono: 0299 - 4774707 int 25
Contacto: biblioteca@facimed.uncoma.edu.ar
© 2011 - 2026